Datum a čas kvízu
26
Celkem bodů
Celkový počet nahraných bodů na tomto kvízu bez doplňovacích otázek.
4.
Pořadí na kvízu
Konečné umístění týmu na tomto kvízu.
Zaznamenané odpovědi
| # | Otázka | Odpověď | Body | Výsledky |
|---|---|---|---|---|
| 1. | Minulý týden prezident podepsa... | atentát na Heydricha, odchod okupačních vojsk | 0.5 | |
| 2. | V Saúdské Arábii byla ve střed... | havarijní pojištění | 0 | |
| 3. | Ve čtvrtek vstoupil do českých... | Vyšehrad: Fylm | 1 | |
| 4. | V Brně byl minulý týden otevře... | D | 1 | |
| 5. | Bývalá světová tenisová jednič... | Kim Clijstersová | 0 | |
| 6. | V dalším díle této tematické s... | šáchor | 0 | |
| 7. | Damani jsou malí savci obývají... | A) slon | 1 | |
| 8. | Tento živočich je typickou koč... | serval | 0 | |
| 9. | Tato rostlina je významná hlav... | kadidlo | 1 | |
| 10. | Tento obyvatel subsaharské Afr... | hrabáč | 0 |